Máquina Tadeusz Kantor / (Record no. 1039)

MARC details
000 -LEADER
campo de control de longitud fija 00908nam a22002657a 4500
008 - DATOS DE LONGITUD FIJA--INFORMACIÓN GENERAL
campo de control de longitud fija 160827s2015 br||||| |||| 00| 0 por d
020 ## - NÚMERO INTERNACIONAL ESTÁNDAR DEL LIBRO
Número Internacional Estándar del Libro 9788363820367
082 04 - NÚMERO DE LA CLASIFICACIÓN DECIMAL DEWEY
Número de clasificación 708
Número de ítem M994m
100 1# - ENTRADA PRINCIPAL--NOMBRE DE PERSONA
Nombre de persona Kantor, Tadeusz.
9 (RLIN) 5489
245 10 - MENCIÓN DEL TÍTULO
Título Máquina Tadeusz Kantor /
Mención de responsabilidad, etc. Tadeusz Kantor ; Sesc.
250 ## - MENCION DE EDICION
Mención de edición 1a ed.
260 ## - PUBLICACIÓN, DISTRIBUCIÓN, ETC.
Lugar de publicación, distribución, etc. Sao Paulo, Brasil :
Nombre del editor, distribuidor, etc. Sesc,
Fecha de publicación, distribución, etc. 2015.
300 ## - DESCRIPCIÓN FÍSICA
Extensión 223 p.
Otras características físicas il. col.
500 ## - NOTA GENERAL
Nota general Catálogo publicado con motivo a la exposición "Máquina Tadeusz Kantor: teatro + happennigs + performances + outros modos de poducao", realizada en Sesc Consolacao, del 19 de agosto al 14 de noviembre del 2015.
653 10 - TÉRMINO DE INDIZACIÓN--NO CONTROLADO
Término no controlado Arte contemporáneo
653 10 - TÉRMINO DE INDIZACIÓN--NO CONTROLADO
Término no controlado Exhibiciones
653 10 - TÉRMINO DE INDIZACIÓN--NO CONTROLADO
Término no controlado Catálogo de exhibición
653 10 - TÉRMINO DE INDIZACIÓN--NO CONTROLADO
Término no controlado Performance
653 10 - TÉRMINO DE INDIZACIÓN--NO CONTROLADO
Término no controlado Artes plásticas
653 10 - TÉRMINO DE INDIZACIÓN--NO CONTROLADO
Término no controlado Teatro
653 10 - TÉRMINO DE INDIZACIÓN--NO CONTROLADO
Término no controlado Arte polaco
653 10 - TÉRMINO DE INDIZACIÓN--NO CONTROLADO
Término no controlado Instalaciones
653 10 - TÉRMINO DE INDIZACIÓN--NO CONTROLADO
Término no controlado Pintura
710 1# - ENTRADA AGREGADA--NOMBRE DE ENTIDAD CORPORATIVA
Nombre de entidad corporativa o nombre de jurisdicción como elemento de entrada Sesc.
9 (RLIN) 5490
Holdings
Estatus retirado Estado de pérdida Fuente del sistema de clasificación o colocación Estado de daño No para préstamo Biblioteca de origen Biblioteca actual Ubicación en estantería Fecha de adquisición Total de préstamos Signatura topográfica completa Código de barras Visto por última vez Fecha del último préstamo Precio de reemplazo Tipo de ítem Koha
    Clasificación Decimal Dewey     Biblioteca LadoV Biblioteca LadoV   27/08/2016 2 708 M994m 004237 12/09/2018 16/08/2018 27/08/2016 Material 01